BIBLIOTECA

SENCICO

Elementos de diseño de instalaciones eléctricas industriales (Registro nro. 2029)

Detalles MARC
000 -LEADER
fixed length control field 00921nam a2200193Ia 4500
005 - DATE AND TIME OF LATEST TRANSACTION
control field 20251020182529.0
008 - FIXED-LENGTH DATA ELEMENTS--GENERAL INFORMATION
fixed length control field 200515s9999 xx 000 0 und d
082 ## - DEWEY DECIMAL CLASSIFICATION NUMBER
Classification number 696.63/H22
100 ## - MAIN ENTRY--PERSONAL NAME
Personal name ENRIQUEZ HARPER, Gilberto
245 #0 - TITLE STATEMENT
Title Elementos de diseño de instalaciones eléctricas industriales
260 ## - PUBLICATION, DISTRIBUTION, ETC.
Place of publication, distribution, etc. México
260 ## - PUBLICATION, DISTRIBUTION, ETC.
Date of publication, distribution, etc. 1996
500 ## - GENERAL NOTE
General note es por esto que los conceptos elementales del cálculo de las instalaciones eléctricas en baja tensión, como el conocimiento de los componentes, su selección y aplicación, se entiende en este libro a los problemas de protección en alta tensión, coordinaci
520 ## - SUMMARY, ETC.
Summary, etc. El diseño de las instalaciones industriales requiere de una visión integral para considerar todos los elementos que intervienen en forma ordenada y con el nivel y enfoque apropiado
650 ## - SUBJECT ADDED ENTRY--TOPICAL TERM
Topical term or geographic name entry element DISEÑO ELECTRICO
650 ## - SUBJECT ADDED ENTRY--TOPICAL TERM
Topical term or geographic name entry element INSTALACIONES ELECTRICAS
650 ## - SUBJECT ADDED ENTRY--TOPICAL TERM
Topical term or geographic name entry element LIB
942 ## - ADDED ENTRY ELEMENTS (KOHA)
Koha item type Libros
Existencias
Fecha de la última vez que lo usaron Pago total Signatura topográfica completa Código de barras Precio efectivo desde Tipo de documento Estado perdido Estado dañado No es para préstamo Retirado Ubicación permanente Ubicación actual Fecha de adquisición
15/05/2020   696.63/H22 Bib-Lima15052029 15/05/2020 Libros         Biblioteca Central Lima Biblioteca Central Lima 15/05/2020